000 00600nam a2200169 i 4500
001 63485
003 ES-MaACL
005 20230906164901.0
007 t|
008 031211s1964 sp ||||1| cat d
100 1 _aFerrer y Soler, Alberto.
_950515
245 1 0 _aLlibre dels gegants i demes entremeses populars de Vilanova i la Geltru /
_cper Albert Ferrer i Soler i Antoni Anguera i Llaurado.
260 _aVilanova i la Geltrú :
_bJoan Rius i Vila,
_c1964.
300 _aXVIII, 167 p., 14 lám. ;
_c22 cm.
700 1 _aAnguera i Llaurado, Antoni.
_921765
852 _aES-MaACL
_jC-26682
_bR.55680
999 _c63485
_d63485